000
00260nam a2200097Ia 4500
001
759108
005
20250826164910.0
008
250824s9999 xx 000 0 und d
245
0
_a
CİNGÖZ RECAİ-SHERLOCK HOLMES İSTANBULDA
_c
PEYAMİ SAFA
260
_b
GENÇ DAMLA
999
_c
759108
_d
759108